Представление документа в формате RUSMARC

ПолеНазваниеЗначение
  Тип записи a
  Библиографический уровень a
001 Контрольный номер RU/CBS_UL/BASE/d2ea4779456d4c13b46a94da75fa23af
005 Дата корректировки 20260423095612.0
100 Данные общей обработки __
a Данные общей обработки 20260423 ||| 0rusy0189 ca
101 Язык документа 0_
a Язык текста rus
102 Страна публикации __
a Страна публикации RU
200 Заглавие и сведения об ответственности 1_
a Заглавие Духоподъёмный Сергей Пускепалис
e Сведения, относящиеся к заглавию [жизнь и судьба артиста и режиссёра]
f Первые сведения об ответственности М. Фёдоров
300 Общие примечания __
a Общие примечания 12+
461 Уровень набора _0
1 2000
a Литературная газета
463 Уровень физической единицы _0
1 2000
a № 15 (15-21 апр.)
v С. 9
1 2101
d 2026
1 001RU/CBS_UL/BASE/1c7c8416be204e73aeb92d99be15821e
600 Персоналии _1
a Персоналии (Фамилия) Пускепалис
b Персоналии (Имя, инициалы) С.В.
606 Тематические рубрики 0_
a Основная рубрика Пускепалис, Сергей Витауто (1966-2022)
610 Ключевые слова 0_
a Ключевые слова российские актёры; российские актёры театра и кино; российские артисты; российские киноактёры; российские режиссёры; режиссёры; Заслуженные артисты Российской Федерации; патриоты
686 Индексы других классификаций __
a Классификационный индекс 85.374(2)
700 Автор _1
a Фамилия Фёдоров
b Имя (инициалы) М.
801 Источник записи _0
a Страна RU
b Организация МБУК ЦБС г. Ульяновска
c Дата составления 20260423
g Правила каталогизации RCR
801 Источник записи _1
a Страна RU
b Организация МБУК ЦБС г. Ульяновска
c Дата составления 20260423
g Правила каталогизации RCR
901 Тип документа __
t Тип документа f
w Контрольный № источника RU/CBS_UL/BASE/1c7c8416be204e73aeb92d99be15821e
909 Создатель записи __
a Создатель записи mbo